00520 2200181 4500001002100000005001500021035002000036007000300056008004100059020001800100082001200118084001800130100002500148245008000173260004500253300002300298650001700321INLIS00000000000142820260529110112 a0010-0526000005ta260529 0 ind  a9786020663845 a895.635 a895.635 KAW f0 aKawaguchi, Toshikazu1 aFuniculi Funicula :bKisah-kisah yang Baru Terungkap /cToshikazu Kawaguchi aJakarta :bGramedia Pustaka Utama,c2022 a200 hlm ;c20x13,5 aFIKSI JEPANG